000
00206 a2200097 4500
001
1372
100
_a
Doughtie, V.C
245
_a
Design of machine members
260
_a
_b
Mcgrawhill
_c
090
_c
921
_d
921
942
_a
NUST-CAE
_c
M
_c
36056
999
_c
236445
_d
236445